Which Country Comes Between? - Statistics

General Stats
  • This quiz has been taken 36 times
  • The average score is 11 of 12
Answer Stats
Hint Answer % Correct
Italy → Germany France, Switzerland or Austria
100%
North Korea → Poland Russia
100%
Colombia → Argentina Brazil
97%
United Kingdom → Portugal Spain
97%
Greece → Montenegro Albania
94%
Brazil → Panama Colombia
94%
Oman → Jordan Saudi Arabia
94%
Bulgaria → Iran Turkey
94%
Syria → Azerbaijan Turkey
88%
Cameroon → Libya Chad
84%
India → Vietnam China
84%
Botswana → Tanzania Zambia
78%
No matching quizzes found
Score Distribution
Percent of People with Each Score
Percentile by Number Answered
Your Score History
You have not taken this quiz